LEADER 01198nam0 22002891i 450 001 CUB0013588 005 20231121125459.0 020 $aIT$b1955 1669 100 $a20181022d1955 ||||0itac50 ba 101 | $aita 102 $ait 181 1$6z01$ai $bxxxe 182 1$6z01$an 200 1 $aGeografia del Lazio, con una premessa generale sull'Italia$eAnno accademico 1954-55. (Universitą degli studi di Roma) 210 $aRoma$cEd. Libreria Edit. Ricerche$d1955$eTip. V. Ferri, 215 $a8. p. 136. 700 1$aAlmagią$b, Roberto$3CFIV092875$4070$04190 790 1$aVarenio$b, Bernardo$3SBNV037782$zAlmagią, Roberto 801 3$aIT$bIT-01$c20181022 850 $aIT-RM1605 $aIT-FR0017 899 $aBiblioteca Della Persona - Istituto Internazionale Jacques Maritain$bRM1605 899 $aBiblioteca umanistica Giorgio Aprea$bFR0017 $eN 912 $aCUB0013588 950 0$aBiblioteca umanistica Giorgio Aprea$d 52DMAB 173$e 52FLS0000307505 VMC RS $fA $h20181022$i20181022 977 $a 42$a 52 996 $aGeografia del Lazio, con una premessa generale sull'Italia$93606553 997 $aUNICAS